Normal view
MARC view
Entry Topical Term
001 - CONTROL NUMBER
- control field: 41494
003 - CONTROL NUMBER IDENTIFIER
- control field: ARRUPE
005 - DATE AND TIME OF LATEST TRANSACTION
- control field: 20180412102215.0
008 - FIXED-LENGTH DATA ELEMENTS
- fixed length control field: 180412|| aca||aabn | a|a d
040 ## - CATALOGING SOURCE
- Original cataloging agency: ARRUPE
- Transcribing agency: ARRUPE
150 ## - HEADING--TOPICAL TERM
- Topical term or geographic name as entry element: Pende (African people)
- General subdivision: Rites and ceremonies.
670 ## - SOURCE DATA FOUND
- Source citation: Work cat.: (ARRUPE)0: Ngolo Kibango. 41493, Minganji, danseurs de masques pende /, 1976.